Open Data Biblioteca Nacional de Portugal


República Portuguesa: Ministério da Cultura
Biblioteca Nacional de Portugal

Catálogo da BNP: acesso por Identificadores Unívocos
Registos Bibliográficos associados ao registo de autoridade

Etiqueta de registo: 00254nam 2200025 450
001 2120680
003 http://id.bnportugal.gov.pt/bib/catbnp/2120680
010 ## $a978-989-671-671-4
021 ## $aPT$b495896/22
100 ## $a20230116d2022 m a0pory01030103ba
101 0# $apor$aeng
102 ## $aPT
105 ## $aa z 000yy
106 ## $ar
200 1# $a O caminho para a Luz porque passa pela Luz$d The pathway to the light as it goes along the light$fJoão Biscainho, Semir Zeki$gpref. António Monteiro, Emília Ferreira$gtrad. Semir Zeki, Emília Ferreira$zeng
205 ## $a1ª ed
210 #9 $aLisboa$cTinta-da-China$cMNAC-Museu Nacional de Arte Contemporânea,$d2022
215 ## $a197, [3] p.$cil.$d24 cm
305 ## $aEd. bilingue em português e inglês
510 1# $a The pathway to the light as it goes along the light$zeng
675 ## $a069.5(469.411)$vBN$zpor$3470784
675 ## $a7A/Z(083.82)$vBN$zpor$3328913
700 #1 $aBiscainho,$bJoão,$f1979-$31416611
701 #1 $aZeki,$bSemir,$f1940-$4070$3649405
702 #1 $99$aMonteiro,$bAntónio$4080$31499830
702 #1 $aFerreira,$bEmília,$f1963-$4080$391106
801 #0 $aPT$bBN$gRPC
856 41 $uhttp://rnod.bnportugal.gov.pt/ImagesBN/winlibimg.aspx?skey=&doc=2120680&img=173606&save=true
900 ## $aBIBNAC$d20230206
966 ## $lBN$mFGMON$sP. 61754 V.$x1
966 ## $lBN$mFGMON$sP. 61754 V.-D$x1
971 ## $cfatima$d20230116
972 ## $e0$z0$d20230206$viquintas
973 ## $cmcarvalho$d20230123

Etiqueta de registo: 00230nas 2200025 450
001 1742600
003 http://id.bnportugal.gov.pt/bib/catbnp/1742600
011 ## $a1647-6832
100 ## $a20100407a20109999km y0pory01030103ba
101 0# $apor
102 ## $aPT
106 ## $ar
110 ## $aagaz 0xx0
200 1# $aGate galleries$ePortugal$fImagegate Culture$gdir. João Biscainho
207 #0 $aNº 1 (maio 2010)-
210 #9 $aLisboa$cImagegate Culture,$d2010-
211 ## $a201005
215 ## $d cm
326 ## $aBimestral
530 0# $aGate galleries
620 ## $dLisboa
702 #1 $aBiscainho,$bJoão,$f1979-$4300$31416611
712 02 $aImagegate Culture$4650$31416608
801 #0 $aPT$bBN$gRPC
802 ## $a18

Etiqueta de registo: 00000nam 2200025 450
001 1979293
003 http://id.bnportugal.gov.pt/bib/catbnp/1979293
010 ## $a978-0-9568343-7-9
100 ## $a20180102d2017 m y0pory01030103ba
101 0# $aeng
102 ## $aGB
105 ## $aa z 000yy
106 ## $ar
200 1# $aFuture nothingness$fJoão Biscainho
210 #9 $aLondon$cMulberry Tree Press,$d2017$g(Maiadouro)
215 ## $a[4], 51, [9] p.$cil.$d17 cm
675 ## $a7.038.5Biscainho, João(083.82)$vBN$zpor$31701873
675 ## $a7.038.5(=1:469)(083.82)$vBN$zpor$31862353
675 ## $a061.4$vBN$zpor$3288771
700 #1 $aBiscainho,$bJoão,$f1979-$31416611
801 #0 $aPT$bBN$gRPC
856 41 $uhttp://rnod.bnportugal.gov.pt/ImagesBN/winlibimg.aspx?skey=&doc=1979293&img=103450&save=true
966 ## $lBN$mFGMON$sB.A. 10889 P.$x1
966 ## $lBN$mFGMON$sB.A. 10889 P.-D$x1

Etiqueta de registo: 00000nam 2200025 450
001 2042820
003 http://id.bnportugal.gov.pt/bib/catbnp/2042820
010 ## $a978-989-9006-01-0
021 ## $aPT$b463942/19
100 ## $a20200311d2019 m y0pory01030103ba
101 0# $apor$aeng
102 ## $aPT
105 ## $aa z 000yy
106 ## $ar
200 1# $aUncanny river (the crossing) - João Biscainho$gorg. Isabel Capeloa Gil, Paulo Campos Pinto$gtextos Luísa Santos... [et al.]
210 #9 $aLisboa$cUniversidade Católica Portuguesa ;$a[S.l.]$cDocumenta,$dD.L. 2019
215 ## $a92, [4] p.$cil.$d23 cm$e[1] folha desdobr.
225 2# $aCultura@católica$v2
305 ## $aEd. bilingue em português e inglês
675 ## $a7.038.5Biscainho, João(083.82)$vBN$zpor$31701873
675 ## $a7.038.5(=1:469)"20"(083.82)$vBN$zpor$31278225
675 ## $a061.4$vBN$zpor$3288771
702 #1 $aBiscainho,$bJoão,$f1979-$4040$31416611
702 #1 $aGil,$bIsabel Capeloa,$f1965-$4340$358804
702 #1 $aPinto,$bPaulo Campos$4340$31090658
702 #1 $aSantos,$bLuísa,$f1961-$4070$31226702
801 #0 $aPT$bBN$gRPC
900 ## $aBIBNAC$d20200625
966 ## $lBN$mFGMON$sB.A. 45242 V.$x1
966 ## $lBN$mFGMON$sB.A. 45242 V.-D$x1

Etiqueta de registo: 00254nam 2200025 450
001 2286207
003 http://id.bnportugal.gov.pt/bib/catbnp/2286207
010 ## $a978-972-739-465-4
021 ## $aPT$b559235/26
100 ## $a20260512d2026 m y0pory01030103ba
101 0# $apor$aeng
102 ## $aPT
105 ## $aa b 000yy
106 ## $ar
200 1# $aAuto dos anfitriões$eobras da coleção da Fundação Leal Rios na coleção de Serralves$d The act of the hosts$eworks from the Fundação Leal Rios collection in the Serralves collection$fconceção e textos Ricardo Nicolau$gtextos Miguel Leal Rios, Nicolas de Oliveira, Nicola Oxley$gtrad. John Elliot, Maria Leitão, Sílvia Sacadura$ffot. Filipe Braga, Bruno Lopes, João Biscainho$zeng
210 #9 $aPorto$cFundação Serralves,$d2026
215 ## $a165, [11] p.$cil.$d32 cm
305 ## $aEd. bilingue em português e inglês
510 1# $a The act of the hosts$eworks from the Fundação Leal Rios collection in the Serralves collection$zeng
675 ## $a069.5(469.121)$vBN$zpor$31088582
675 ## $a73/77A/Z"19/20"(083.82)$vBN$zpor$31363665
675 ## $a7.038.5A/Z"19/20"(083.82)$vBN$zpor$31399655
675 ## $a7.038.5A/Z"19/20"(042)$vBN$zpor$31825883
700 #1 $aNicolau,$bRicardo$31477021
702 #1 $aRios,$bMiguel Leal$4070$31998229
702 #1 $aOliveira,$bNicolas de$4070$31904633
702 #1 $aOxley,$bNicola$4070$31904635
702 #1 $aElliot Junior,$bJohn R.$4730$3328452
702 #1 $aLeitão,$bMaria,$f1985-$4730$31774840
702 #1 $aSacadura,$bSílvia$4730$31241959
702 #1 $aBraga,$bFilipe$4600$3984696
702 #1 $aLopes,$bBruno,$f1985-$4600$31392251
702 #1 $aBiscainho,$bJoão,$f1979-$4600$31416611
801 #0 $aPT$bBN$gRPC
856 41 $uhttp://rnod.bnportugal.gov.pt/ImagesBN/winlibimg.aspx?skey=&doc=2286207&img=223235&save=true
966 ## $lBN$mFGMON$sP. 6118 A.$x1
966 ## $lBN$mFGMON$sP. 6118 A.-D $x1
971 ## $ciquintas$d20260512
973 ## $ctrodrigues$d20260609

OpendataBNP@bnportugal.pt | Mais informação sobre acesso aos dados BNP